00374nam a2200157Ia 450000500170000002000140001704100120003110000210004324500380006425000200010226000190012226000090014126000220015030000090017250000350018120190817124800.0 a131804154 aEnglish a"Hart, Daniel W" 0aIntroduction to Power Electronics a\\199700ENGGPSX aPrentice Hall  b1997 cEnglewood Cliffs  a418p aincludes index and biblioraphy